Top 10 beer brands across the globe - Statistics

General Stats
  • This quiz has been taken 126 times
  • The average score is 5 of 10
Answer Stats
Nation Beer Brand % Correct
🇳🇱 Heineken
92%
🇲🇽 Corona Extra
87%
🇺🇸 Budweiser
69%
🇺🇸 Bud Light
55%
🇺🇸 Coors
46%
🇯🇵 Asahi
39%
🇲🇽 Modelo Especial
27%
🇺🇸 Miller Lite
21%
🇯🇵 Kirin
10%
🇨🇳 Snow
4%
No matching quizzes found
Score Distribution
Percent of People with Each Score
Percentile by Number Answered
Your Score History
You have not taken this quiz